Oscar du meilleur acteur - mort subite - Statistiques

Statistiques générales
  • Ce quiz a été pris 25 fois
  • Le résultat moyen est 8 sur 20
Answers on the Grid
Answers color-coded by a green-red scale on the quiz's grid according to % correct below.
Michael B. Jordan
Adrien Brody
Cillian Murphy
Brendan Fraser
Will Smith
Anthony Hopkins
Joaquin Phoenix
Rami Malek
Gary Oldman
Leonardo DiCaprio
Daniel Day-Lewis
Jean Dujardin
Sean Penn
Philip Seymour Hoffman
Forest Whitaker
Denzel Washington
Russell Crowe
Nicolas Cage
Tom Hanks
Al Pacino
Tom Cruise
Ralph Fiennes
Ryan Gosling
Adam Driver
Willem Dafoe
Ethan Hawke
Paul Dano
Mark Ruffalo
Jake Gyllenhaal
Ryan Gosling
Robert Redford
Clint Eastwood
 
Statistiques - réponses
Réponse % Correct
Jean Dujardin
58%
Leonardo DiCaprio
58%
Tom Hanks
53%
Al Pacino
47%
Cillian Murphy
47%
Denzel Washington
47%
Rami Malek
47%
Anthony Hopkins
42%
Gary Oldman
42%
Sean Penn
42%
Daniel Day-Lewis
37%
Joaquin Phoenix
37%
Will Smith
37%
Adrien Brody
32%
Michael B. Jordan
32%
Forest Whitaker
26%
Russell Crowe
26%
Brendan Fraser
21%
Nicolas Cage
16%
Philip Seymour Hoffman
16%
Aucun quiz correspondant
Distribution des résultats
% des personnes avec chaque résultat
Percentile par nombre de réponses
Votre historique - résultats
Vous n’avez pas pris ce quiz